| 000 | 00416nam a2200181Ia 4500 | ||
|---|---|---|---|
| 001 | 4912 | ||
| 005 | 20260306145829.0 | ||
| 008 | 260306t2008||||xx |||||||||||||| ||spa|| | ||
| 041 | _aESP | ||
| 082 |
_a330.155 _bB85 |
||
| 100 |
_aBruni, Luigino _eAUT |
||
| 245 | 0 | _aEl precio de la gratuidad | |
| 260 | _c2008 | ||
| 300 |
_a189 páginas : _c20 cm. |
||
| 650 | _aGEN | ||
| 654 | _aCAN | ||
| 942 |
_cLIB _dJUS _fJUS _2ddc _n |
||
| 999 |
_c4912 _d4912 |
||